Chemical process principles

Guardat en:
Dades bibliogràfiques
Autors principals: Hougen, O. A (Autor), Watson, Kenneth Merle (Autor)
Format: Llibre
Idioma:anglès
Publicat: Nueva York John Wiley 1947
Matèries:
Etiquetes: Afegir etiqueta
Sense etiquetes, Sigues el primer a etiquetar aquest registre!

MARC

LEADER 00000nam a2200000 a 4500
001 UCU5851
003 CL-VaPUC
008 960614e19470000US |||||||||||||||||eng|d
082 0 4 |a 660.296  |b HOU  |2 21 
100 |a Hougen, O. A  |e author  |9 363890 
700 0 |a Watson, Kenneth Merle  |e author  |9 363891 
245 1 0 |a Chemical process principles 
300 |a 3 v 
942 |c BK 
945 |d 19960614 00:00:00  |a cmena 
260 |a Nueva York  |b John Wiley  |c 1947 
500 |a v.3: Kinetics and catalysis 
650 0 |a Tecnología química   |9 263002 
650 0 |a Termodinámica   |9 259320 
650 0 |a Reacciones químicas  |9 259438 
650 7 |a PROPIEDADES TERMOQUIMICAS  |2 CL-VaPUC  |9 360478 
650 0 |a Conductividad térmica   |9 360550 
583 |a last modification  |c 19960614 00:00:00  |k Rodrigo Vera 
999 |c 249016  |d 249014 
952 |0 0  |1 0  |4 0  |6 660_296000000000000_HOU_1947  |7 0  |8 A  |9 266008  |a BIBING  |b BIBING  |d 2019-11-19  |h v.3  |i 1682075  |o 660.296 HOU 1947  |p 1682075  |r 2025-01-20  |w 2019-11-19  |y BK  |k EIQ